| 000 | 02667nam a2200277 u 4500 | ||
|---|---|---|---|
| 001 | 000392946 | ||
| 003 | AM-YeHGA | ||
| 005 | 20250617132323.0 | ||
| 008 | 040920s2004 ||||||||||||||||||||rus d | ||
| 022 | _a1829-071X | ||
| 040 | _aAM-YeHGA | ||
| 041 | 0 | _arus | |
| 245 | 0 | 0 |
_aИнформационные технологии и управление = _bInformation Technologies and Management / _cАрм. ассоц. компьютерных и информ. систем, Инж. акад. наук ; Редкол.: Х. Керобян (гл. ред.) и др. |
| 246 | 1 | 1 | _aInformation Technologies and Management |
| 246 | 1 | 3 | _aՏեղեկատվական տեխնոլոգիաներ և կառավարում |
| 260 |
_aЕреван : _bЭнциклопедия - Арменика, _c2004. |
||
| 300 | _aВып. | ||
| 500 | _aОснован в 1998 г. | ||
| 505 | 1 |
_gВып. 3 (2004, 251 с.) _gВып. 4 (2004, 252 с.) _g[Вып.] 1 (2005, 243 с.) _g[Вып.] 2 (2005, 252 с.) _g[Вып.] 3 (2005, 283 с.) _g[Вып.] 4 (2005, 284 с.) _g[Вып.] 5 (2005, 273 с.) |
|
| 505 | 1 |
_g[Вып.] 1 (2006, 290 с.) _g[Вып.] 2 - 1 (2006, 280 с.) _g[Вып.] 2 - 2 (2006, 260 с.) _g[Вып.] 3 - 1 (2006, 262 с.) _g[Вып.] 3 - 2 (2006, 272 с.) _g[Вып.] 4 - 1 (2006, 276 с.) _g[Вып.] 4 - 2 (2006, 275 с.) _g[Вып.] 4 - 3 (2006, 284 с.) _g[Вып.] 1 (2007, 261 с.) _g[Вып.] 2 (2007, 287 с.) _g[Вып.] 3 (2007, 282 с.) _g[Вып.] 4 (2007, 280 с.) _g[Вып.] 5 (2007, 283 с.) _g[Вып.] 7 (2007, 284 с.) _g[Вып.] 8 (2007, 280 с.) _g[Вып.]11(2007,297 с. ) _g[Вып.] 1 (2008, 290 с.) _g[Вып.] 2 (2008, 272 с.) _g[Вып.] 3 (2008, 280 с.) _g[Вып.] 4 (2008, 282 с.) _g[Вып.] 5 (2008, 288 с.) _g[Вып.] 6 (2008, 292 с.) _g[Вып.] 7 (2008, 284 с.) _g[Вып.] 8 (2008, 280 с.) _g[Вып.] 1 (2009, 288 с.) _g[Вып.] 2 (2009, 286 с.) _g[Вып.] 3 (2009, 290 с.) _g[Вып.] 5 (2009, 290 с.) _g[Вып.] 6 (2009, 290 с.) _g[Вып.] 7 (2009, 282 с.) |
|
| 505 | 1 |
_g[Вып.] 6 (2010, 293 с.) _g[Вып.] 7 (2010, 294 с.) _g[Вып.] 8 (2010, 280 с.) _g[Вып.] 1 (2011, 292 с.) _g[Вып.] 2 (2011, 294 с.) _g[Вып.] 3 (2011, 288 с.) _g[Вып.] 4 (2011, 291 с.) _g[Вып.] 5 (2011, 297 с.) _g[Вып.] 6 (2011, 292 с.) _g[Вып.] 7 (2011, 258 с.) _g[Вып.] 1 (2012, 269 с.) _g[Вып.] 2 (2012, 273 с.) _g[Вып.] 3 (2012, 287 с.) _g[Вып.] 4 (2012, 289 с.) |
|
| 700 | 1 |
_aКеробян, Х. _eред. _4edt |
|
| 710 | 2 | _aАрмянская ассоциация компьютерных и информационных систем | |
| 710 | 2 | _aИнженерная академия Армении | |
| 090 | _c150427 | ||
| 999 |
_c149038 _d149038 |
||